| 000 | 00815cam a2200277 4500 | ||
|---|---|---|---|
| 001 | 1323964 | ||
| 003 | SISC | ||
| 005 | 20160404151103.0 | ||
| 008 | 720207t19721971nyua b 001 0 eng | ||
| 010 | _a 78128044 | ||
| 020 |
_a0393043355 _a0393005860 (pbk.) |
||
| 040 |
_aDLC _cDLC _dDLC |
||
| 043 |
_ae------ _af------ _aaw----- |
||
| 050 | 0 | 0 |
_aHN 10.R7 _bB7 1971 |
| 082 | 0 | 0 |
_aHS 937 _bB83 1971 |
| 100 | 1 |
_aBrunt, P. A. _913406 |
|
| 245 | 1 | 0 |
_aSocial conflicts in the Roman Republic _c[by] P. A. Brunt. |
| 260 |
_aNew York, _bW.W. Norton & Company _cc1971 |
||
| 300 |
_a164 p. _c19.5 cm. |
||
| 350 | _a$6.00 | ||
| 490 | 0 | _aAncient culture and society | |
| 651 | 0 |
_aRome _xSocial conditions _y510-30 B.C. _913407 |
|
| 906 |
_a7 _bcbc _corignew _d2 _encip _f19 _gy-gencatlg |
||
| 942 |
_2lcc _cBK |
||
| 999 |
_c9379 _d9379 |
||